[Event "DMP Ekstraliga"]
[Site "Karpacz POL"]
[Date "2008.09.12"]
[Round "7"]
[White "Dziuba,M"]
[Black "Jakubowski,K"]
[Result "0-1"]
[WhiteElo "2570"]
[BlackElo "2497"]

1.d4 Nf6 2.c4 e6 3.Nf3 Bb4+ 4.Nbd2 b6 5.a3 Bxd2+ 6.Qxd2 Bb7 7.e3 O-O 8.Be2 d6
9.O-O Nbd7 10.b4 a5 11.Bb2 axb4 12.axb4 Qe7 13.Qc2 Rfc8 14.Nd2 Qd8 15.e4 Rxa1
16.Rxa1 Ra8 17.e5 Ne8 18.Rxa8 Qxa8 19.f3 d5 20.b5 c5 21.bxc6 Bxc6 22.cxd5 Bxd5
23.Bb5 Nf8 24.Qc3 h6 25.Ne4 Qd8 26.Ba3 Nc7 27.Bf1 Ba8 28.Nd6 Nd5 29.Qd2 Bc6
30.f4 Qa8 31.Bc1 Ne7 32.h3 Bd5 33.Kh2 Nf5 34.Nxf5 exf5 35.g4 Qc8 36.Kg3 g6
37.Bd3 Be6 38.Qc2 Qd7 39.gxf5 gxf5 40.Be3 Ng6 41.d5 Qxd5 42.Bxb6 h5 43.Be3 Qh1
44.Qg2 h4+ 45.Kf2 Qa1 46.Qf1 Qc3 47.Qe2 Qb4 48.Qd2 Qb7 49.Qc1 Qd7 50.Qb1 Kh7
51.Qb5 Qd8 52.Be2 Ne7 53.Qb1 Nd5 54.Bd2 Nf6 55.Qd3 Ne4+ 56.Ke1 Qg8 57.Qf3 Qg1+
58.Bf1 Qd4 59.Bd3 Ng3 60.Qe3 Qd5 61.Kd1 Qh1+ 62.Be1 Qxh3 63.Qf3 Kh6 64.Qa8 Qg4+
65.Kc2 Kh7 66.Qg2 Qxf4 67.Bd2 Qa4+ 68.Kc3 Qb3+ 69.Kd4 Qb2+ 70.Kc5 Qa3+ 71.Kd4 Qa1+
72.Kc5 Qa7+ 73.Kb5 Qd7+  0-1

[Event "DMP Ekstraliga"]
[Site "Karpacz POL"]
[Date "2008.09.14"]
[Round "9"]
[White "Gumula,D"]
[Black "Szymanski,M"]
[Result "1-0"]
[WhiteElo "2277"]
[BlackElo "2412"]

1.d4 e6 2.c4 Nf6 3.Nf3 Bb4+ 4.Nbd2 O-O 5.a3 Be7 6.e3 b6 7.Bd3 Bb7 8.e4 d5
9.cxd5 exd5 10.e5 Nfd7 11.h4 g6 12.h5 Re8 13.hxg6 fxg6 14.Nf1 Nf8 15.Qd2 c5
16.Qh6 Bf6 17.Ne3 Bg7 18.Qh2 Bc8 19.Nc2 Ba6 20.Bxa6 Nxa6 21.Bh6 Bxh6 22.Qxh6 cxd4
23.Ncxd4 Nc5 24.Rd1 Qe7 25.O-O Ne4 26.Ne2 Rad8 27.Nf4 Qf7 28.Rfe1 Ne6 29.Rxd5 Rxd5
30.Nxd5 N6c5 31.Nf4 Rf8 32.Nh3 Qf5 33.Qe3 Rd8 34.b4 Rd3 35.Qf4  1-0

[Event "4th ch-EU"]
[Site "Liverpool ENG"]
[Date "2008.09.14"]
[Round "6"]
[White "McCarthy,Ji"]
[Black "Campbell,I"]
[Result "1/2-1/2"]
[WhiteElo "2084"]
[BlackElo "2031"]

1.d4 Nf6 2.c4 e6 3.Nf3 Bb4+ 4.Nbd2 b6 5.a3 Bxd2+ 6.Bxd2 Bb7 7.Bg5 d6 8.e3 Nbd7
9.Be2 h6 10.Bxf6 Nxf6 11.Qa4+ Qd7 12.Qxd7+ Nxd7  1/2-1/2

[Event "II ROMGAZ Open"]
[Site "Bucharest ROU"]
[Date "2008.09.16"]
[Round "6"]
[White "Grigorov,G"]
[Black "Filippov,An UZB"]
[Result "1-0"]
[WhiteElo "2465"]
[BlackElo "2531"]

1.d4 Nf6 2.c4 e6 3.Nf3 Bb4+ 4.Nbd2 d6 5.a3 Bxd2+ 6.Qxd2 b6 7.e3 Bb7 8.Be2 O-O
9.O-O a5 10.b3 Nbd7 11.Bb2 Qe7 12.Qc2 c5 13.Rfd1 Rfc8 14.dxc5 bxc5 15.Nd2 Ra6
16.Qc3 Rb8 17.Rab1 e5 18.Qc2 e4 19.Bc3 h5 20.b4 axb4 21.axb4 Rba8 22.Nb3 R8a7
23.b5 Ra2 24.Rb2 R2a4 25.Qd2 d5 26.cxd5 Nxd5 27.Bxh5 Ra3 28.Be2 R7a4 29.Rc1 c4
30.Nd4 Ne5 31.Bd1 Ra8 32.Rbb1 Nd3 33.Rc2 Qf6 34.f4 N3xf4 35.Bg4 Nd3 36.h3 Nxc3
37.Rxc3 Ra1 38.Rd1 Bc8 39.Bxc8 Rxd1+ 40.Qxd1 Qf2+ 41.Kh2 Qxe3 42.Nf5 Qf4+
43.Ng3 Rxc8 44.Qc2 Rc5 45.Rxc4 Ne1 46.Qe2 Rxc4 47.Qxc4 Nd3 48.Qxe4 Qxe4 49.Nxe4 Kf8
50.b6 Nb4 51.Nc5 Nc6 52.Kg3 Ke7 53.Kf4 Kd6 54.Ne4+ Kd7 55.g4 Nd8 56.Ke5 Nc6+
57.Kd5 Ne7+ 58.Kc5 f5 59.gxf5 Nxf5 60.Nc3 Nd6 61.Kd5 Nc8 62.Na4 Ne7+ 63.Kc5 Kc8
64.Kd6 Nf5+ 65.Ke5 Ne3 66.Ke4 Nd1 67.Nc5 Nc3+ 68.Kd4 Ne2+ 69.Kc4 Kb8 70.Kd5 Kc8
71.Kc4 Kb8 72.Kb5 Nd4+ 73.Ka6 Nc6 74.b7 Kc7 75.Ne6+ Kb8 76.Kb6 Nb4 77.Nc7 g6
78.h4  1-0

[Event "4th ch-EU"]
[Site "Liverpool ENG"]
[Date "2008.09.17"]
[Round "9"]
[White "Priborsky,J"]
[Black "Carlsson,P"]
[Result "1/2-1/2"]
[WhiteElo "2344"]
[BlackElo "2514"]

1.d4 Nf6 2.c4 e6 3.Nf3 Bb4+ 4.Nbd2 b6 5.a3 Bxd2+ 6.Qxd2 Bb7 7.e3 O-O 8.Be2 Ne4
9.Qc2 f5 10.O-O Rf6 11.Rd1 d6 12.d5 c5  1/2-1/2

[Event "IV Geller Memorial"]
[Site "Odessa UKR"]
[Date "2008.09.17"]
[Round "9"]
[White "Lomakin,V"]
[Black "Lutsko,I"]
[Result "0-1"]
[WhiteElo "2082"]
[BlackElo "2399"]

1.d4 Nf6 2.c4 e6 3.Nf3 Bb4+ 4.Nbd2 d5 5.Qa4+ Nc6 6.e3 O-O 7.Bd3 dxc4 8.Bxc4 Bd6
9.O-O e5 10.d5 Ne7 11.e4 c6 12.dxc6 Nxc6 13.a3 Bd7 14.Qd1 Qe7 15.b4 Rad8
16.Bb2 Bg4 17.Qb1 Bb8 18.h3 Bc8 19.Bc3 Nh5 20.Qb2 Nf4 21.Nb3 Qf6 22.b5 Nxg2
23.Kxg2 Bxh3+ 24.Kh2 Qf4+ 25.Kxh3 Qxf3+ 26.Kh4 Bd6  0-1

[Event "EYb18"]
[Site "Herceg Novi MNE"]
[Date "2008.09.22"]
[Round "7"]
[White "Opinca,S"]
[Black "Roos,Ad"]
[Result "1-0"]
[WhiteElo "2175"]
[BlackElo "2076"]

1.d4 Nf6 2.c4 e6 3.Nf3 Bb4+ 4.Nbd2 a5 5.a3 Bxd2+ 6.Bxd2 O-O 7.Bg5 h6 8.Bh4 a4
9.e3 d6 10.Bd3 Qe7 11.Bc2 Bd7 12.Qd3 Re8 13.Ne5 dxe5 14.dxe5 g5 15.exf6 Qxf6
16.Qh7+ Kf8 17.Bg3 e5 18.h4 g4 19.O-O Qg7 20.Qd3 Bc6 21.Qf5 Nd7 22.Bd1 Nc5
23.Qxg4 Rad8 24.Qh3 Rd2 25.Bg4 Rxb2 26.f3 Rd8 27.Rad1 Rdd2 28.Rxd2 Rxd2 29.Be1 Rc2
30.Bb4 Rxc4 31.Bh5 Qf6 32.Rd1 Kg7 33.Qg3+ Kh7 34.Bg4 Na6 35.Bf8 Kg8 36.Bxh6 Qxh6
37.Rd8+ Kg7 38.Qxe5+ Qf6 39.Rg8+ Kxg8 40.Qxf6  1-0

[Event "Zvenigorodskaya Open A"]
[Site "Zvenigorod RUS"]
[Date "2008.09.27"]
[Round "4"]
[White "Ogloblin,N"]
[Black "Filippov,An UZB"]
[Result "1/2-1/2"]
[WhiteElo "2416"]
[BlackElo "2531"]

1.d4 Nf6 2.Nf3 e6 3.c4 Bb4+ 4.Nbd2 d6 5.g3 O-O 6.Bg2 Nc6 7.O-O e5 8.Nb3 exd4
9.Nfxd4 Nxd4 10.Qxd4 Nd7 11.Qd1 Nc5 12.Nd4 Ne6 13.a3 Bc5 14.e3 Qf6 15.Ne2 a5
16.Nc3 c6 17.Ne4 Qe7 18.b3 f5 19.Nxc5 Nxc5 20.a4 Ne4 21.Qd3 Be6 22.Ba3 Rad8
23.Rad1 Bf7 24.f3 Nc5 25.Qc3 b6 26.Rfe1 Bg6 27.Rd2 Rf6 28.Bxc5 dxc5 29.Red1 Rfd6
30.Kf2 h5 31.f4 Be8 32.Bf3 Kh7 33.Ke2 Kh6 34.Rd3 Qe6 35.R1d2 Rxd3 36.Rxd3 Rxd3
37.Kxd3 Qd6+ 38.Kc2 Qf6 39.Qxf6+ gxf6 40.Be2 Bd7 41.Kd2 Be8 42.Ke1 Bd7 43.Kf2 Be8
44.Kg2 h4 45.g4 Bg6 46.gxf5 Bxf5 47.Bd1 Kg6 48.Kf3 Kh5 49.Kf2+ Kg6 50.Ke1 Be4
51.Kd2 f5 52.Be2 Kf6 53.Bd3 Bf3 54.Ke1 Kg6 55.Bc2 Bg2 56.Kf2 Bh1 57.Bd3 Kf6
58.Be2 Be4 59.Bf3 Bc2 60.Bxc6 Bxb3 61.Bb5 Bd1 62.Kg2 Bg4 63.Ba6 Kg6 64.Bb5  1/2-1/2

[Event "58th TCh w 1st Div"]
[Site "Borovets BUL"]
[Date "2008.10.03"]
[Round "3"]
[White "Ilieva,H"]
[Black "Vladimirova,D"]
[Result "1-0"]
[WhiteElo "2147"]
[BlackElo "1765"]

1.d4 Nf6 2.c4 e6 3.Nf3 Bb4+ 4.Nbd2 b6 5.a3 Bxd2+ 6.Qxd2 Bb7 7.e3 d6 8.b4 Qe7
9.Bb2 Nbd7 10.Be2 O-O 11.O-O Ne4 12.Qc2 f5 13.Rfd1 a5 14.d5 e5 15.Ne1 Qg5
16.Nf3 Qg6 17.Nd2 Ndf6 18.f3 Nxd2 19.Qxd2 Nh5 20.Bc3 f4 21.e4 a4 22.c5 bxc5
23.bxc5 Bc8 24.cxd6 cxd6 25.Bb4 Ba6 26.Bxa6 Rxa6 27.Rac1 Qf7 28.Rc6 Qa7+
29.Qf2 Qxf2+ 30.Kxf2 Rxc6 31.dxc6 Rc8 32.Rc1 Kf7 33.Bxd6 Ke6 34.Bb4 Nf6 35.Ke2 Ne8
36.Rc5 Nd6 37.Kd3 h5 38.Bc3 Nf7 39.Kc4 Kd6 40.c7 g5 41.h3 Kd7 42.Kd5 g4 43.hxg4 hxg4
44.fxg4  1-0

[Event "1st WMSG Blitz Ind"]
[Site "Beijing CHN"]
[Date "2008.10.04"]
[Round "1"]
[White "Adianto,U"]
[Black "Socko,B"]
[Result "1-0"]
[WhiteElo "2554"]
[BlackElo "2631"]

1.d4 Nf6 2.Nf3 e6 3.c4 Bb4+ 4.Nbd2 b6 5.a3 Bxd2+ 6.Bxd2 Bb7 7.Bf4 d6 8.e3 Nbd7
9.h3 Qe7 10.Be2 e5 11.Bh2 O-O 12.O-O Rfe8 13.b4 c5 14.bxc5 bxc5 15.Rb1 Rab8
16.dxc5 dxc5 17.Qa4 a6 18.Rfd1 Red8 19.Qa5 Ne4 20.Nxe5 Nxe5 21.Bxe5 Rxd1+
22.Rxd1 Re8 23.Bf4 g5 24.Bh2 Qf6 25.Bf3 Nc3 26.Rd6 Qf5 27.Qxc3 Qxh3 28.gxh3 Bxf3
29.Qf6 Bh5 30.Rd5 h6 31.Be5 Kf8 32.Rd7 Bg6 33.Qh8+  1-0

[Event "Belgrade Premier League"]
[Site "Belgrade SRB"]
[Date "2008.10.06"]
[Round "2"]
[White "Nestorovic,De"]
[Black "Tosic,D"]
[Result "1-0"]
[WhiteElo "2424"]
[BlackElo "2139"]

1.d4 Nf6 2.c4 e6 3.Nf3 Bb4+ 4.Nbd2 O-O 5.a3 Be7 6.e4 d5 7.e5 Nfd7 8.b4 a5
9.b5 c5 10.cxd5 exd5 11.Bd3 cxd4 12.Qc2 h6 13.Nb3 a4 14.Nbxd4 Nc5 15.O-O Nxd3
16.Qxd3 Nd7 17.Bb2 Nc5 18.Qe2 Be6 19.Rad1 Rc8 20.Nxe6 Nxe6 21.Nd4 Rc4 22.Nf5 Bc5
23.g3 Re4 24.Qd3 Qg5 25.Nd6 Rg4 26.Qxd5 Nf4 27.Qxc5 Qh4 28.Bc1 Qh3  1-0

[Event "Belgrade Premier League"]
[Site "Belgrade SRB"]
[Date "2008.10.10"]
[Round "6"]
[White "Radusinovic,L"]
[Black "Tosic,D"]
[Result "1-0"]
[WhiteElo "2131"]
[BlackElo "2139"]

1.d4 Nf6 2.c4 e6 3.Nf3 Bb4+ 4.Nbd2 d6 5.Qc2 Nbd7 6.a3 Bxd2+ 7.Bxd2 b6 8.g3 Bb7
9.Bg2 a5 10.O-O O-O 11.b4 a4 12.Rfe1 Qe7 13.e4 e5 14.Bc3 Rfe8 15.dxe5 dxe5
16.Rad1 h6 17.Nh4 g6 18.Bh3 Bc6 19.Qd2 Kh7 20.b5 Bb7 21.Qe3 Nc5 22.f3 Rad8
23.Bb4 Bc8 24.Bxc8 Rxc8 25.Rd2 Rcd8 26.Red1 Rxd2 27.Qxd2 Nfd7 28.Ng2 Qe6
29.Ne3 c6 30.Ng4 h5 31.bxc6 Qxc6 32.Qh6+ Kg8 33.Ne3 Ne6 34.Rd6  1-0

[Event "1st WMSG Blitz Team"]
[Site "Beijing CHN"]
[Date "2008.10.13"]
[Round "5"]
[White "Ali Laith,A"]
[Black "Amir,K"]
[Result "0-1"]
[WhiteElo "2283"]
[BlackElo "2265"]

1.d4 Nf6 2.Nf3 e6 3.c4 Bb4+ 4.Nbd2 b6 5.a3 Bxd2+ 6.Qxd2 Ne4 7.Qc2 Bb7 8.e3 O-O
9.Be2 d6 10.O-O Nd7 11.b4 a5 12.b5 f5 13.Bb2 Qe7 14.Ne1 e5 15.Nd3 Rae8 16.Rae1 Qg5
17.f4 Qg6 18.Bf3 exd4 19.exd4 Re7 20.d5 Rfe8 21.g3 Ndc5 22.Nxc5 Nxc5 23.Ba1 Rxe1
24.Qc3 Rxf1+ 25.Kxf1 Ne4 26.Qd4 Qf6 27.Qd1 Qe7 28.Bh5 Rf8 29.Bb2 Nf6 30.Bf3 Bc8
31.Qd4 Bd7 32.Kg2 Be8 33.Qd3  0-1

[Event "1st WMSG Rapid Team w"]
[Site "Beijing CHN"]
[Date "2008.10.14"]
[Round "1"]
[White "Schuurman,P"]
[Black "Vovk,Ok"]
[Result "1-0"]
[WhiteElo "2324"]
[BlackElo "2142"]

1.Nf3 Nf6 2.c4 e6 3.d4 Bb4+ 4.Nbd2 O-O 5.a3 Bxd2+ 6.Qxd2 b6 7.g3 Bb7 8.Bg2 d6
9.O-O Nbd7 10.b4 c5 11.Bb2 Qe7 12.Rfd1 Rfd8 13.Rac1 Rac8 14.Qf4 Ba6 15.dxc5 dxc5
16.b5 Bb7 17.Ne5 Nxe5 18.Bxe5 Bxg2 19.Kxg2 Ne8 20.a4 f6 21.Bb2 Rxd1 22.Rxd1 Rd8
23.Rxd8 Qxd8 24.Qe4 Kf7 25.a5 Nd6 26.Qd3 bxa5 27.Ba3 Qb6 28.f3 g6 29.h4 Qc7
30.g4 Nc8 31.Qe3 Nb6 32.Qe4 a4 33.h5 f5 34.gxf5 gxf5 35.Qd3 Qe7 36.Bc1 Qh4
37.Qd6 Nxc4 38.Qc7+ Qe7 39.Qf4 Nd6 40.Qxa4 Qb7 41.Be3 Qxb5 42.Qxa7+ Nb7 43.Kf2 Qc6
44.Qb8 e5 45.Qh8 f4 46.Qxh7+ Kf8 47.Bc1 Qf6 48.Ke1 Qh4+ 49.Kd2 Qd8+ 50.Kc2 Nd6
51.Qh8+ Ke7 52.Qxe5+ Kd7 53.Bxf4 Qf8 54.Qxd6+ Qxd6 55.Bxd6  1-0

[Event "Ugra Cup"]
[Site "Khantiy Mansiysk RUS"]
[Date "2008.10.15"]
[Round "1"]
[White "Gasanov,E"]
[Black "Iljiushenok,I"]
[Result "1/2-1/2"]
[WhiteElo "2550"]
[BlackElo "2314"]

1.d4 Nf6 2.c4 e6 3.Nf3 Bb4+ 4.Nbd2 a5 5.a3 Bxd2+ 6.Bxd2 a4 7.Qc2 d5 8.Bg5 Nbd7
9.e3 c6 10.Bd3 Qa5+ 11.Qd2 Ne4 12.Qxa5 Rxa5 13.Bf4 Ke7 14.Ke2 f6 15.Bc7 b6
16.cxd5 exd5 17.Rhc1 Bb7 18.Nd2 Rc8 19.Bf4 Ba6 20.Bxa6 Rxa6 21.Nxe4 dxe4
22.f3 f5 23.g4 exf3+ 24.Kxf3 Ra5 25.Rc4 fxg4+ 26.Kxg4 b5 27.Rc2 Nb6 28.Rc5 Raa8
29.Rf1 Nc4 30.Bg5+ Ke6 31.e4 h6 32.Bc1 Ra7 33.Bf4 g5 34.d5+ Ke7 35.Bc1 Kd6
36.Rxc6+ Rxc6 37.dxc6 Kxc6 38.Rf5 Re7 39.Rd5  1/2-1/2

[Event "24th ECC"]
[Site "Kallithea GRE"]
[Date "2008.10.17"]
[Round "1"]
[White "Huzman,A"]
[Black "Hansen,TR"]
[Result "1-0"]
[WhiteElo "2590"]
[BlackElo "2436"]

1.d4 Nf6 2.c4 e6 3.Nf3 Bb4+ 4.Nbd2 b6 5.a3 Bxd2+ 6.Qxd2 Bb7 7.e3 O-O 8.Be2 Ne4
9.Qc2 d6 10.O-O Nd7 11.b4 f5 12.d5 exd5 13.Nd4 Qe7 14.cxd5 Bxd5 15.f3 Ng5
16.Nxf5 Qe5 17.e4 Rxf5 18.Bb2 Bxe4 19.fxe4 Rxf1+ 20.Rxf1 Qe7 21.Qxc7 Re8
22.Bc4+ Ne6 23.Qxa7 Ne5 24.Qxe7 Rxe7 25.Bxe5 dxe5 26.Rf5  1-0

[Event "24th ECC"]
[Site "Kallithea GRE"]
[Date "2008.10.17"]
[Round "1"]
[White "Van Wely,L"]
[Black "Zarzo Lopez,T"]
[Result "1-0"]
[WhiteElo "2618"]
[BlackElo "2281"]

1.d4 Nf6 2.c4 e6 3.Nf3 Bb4+ 4.Nbd2 b6 5.a3 Bxd2+ 6.Qxd2 Bb7 7.e3 d6 8.b4 O-O
9.Bb2 Nbd7 10.Be2 Ne4 11.Qc2 f5 12.O-O Qe7 13.Ne1 Qh4 14.f3 Ng5 15.d5 e5
16.f4 Ne4 17.Nf3 Qe7 18.Bd3 c6 19.fxe5 cxd5 20.cxd5 Bxd5 21.Bc4 Bxc4 22.Qxc4+ Kh8
23.e6 Ndf6 24.Rac1 Rfe8 25.Qc7 Qxe6 26.Nd4 Qg8 27.Nxf5 Rec8 28.Qb7 Rcb8 29.Qa6 Qd8
30.Rc4 d5 31.Rxe4 dxe4 32.Nxg7 Kxg7 33.Qb5  1-0

[Event "24th ECC"]
[Site "Kallithea GRE"]
[Date "2008.10.17"]
[Round "1"]
[White "Potkin,V"]
[Black "Galopoulos,N"]
[Result "1/2-1/2"]
[WhiteElo "2613"]
[BlackElo "2262"]

1.d4 Nf6 2.Nf3 e6 3.c4 Bb4+ 4.Nbd2 b6 5.a3 Bxd2+ 6.Qxd2 Bb7 7.e3 d6 8.Be2 Nbd7
9.O-O O-O 10.b4 Ne4 11.Qc2 a5 12.Bb2 f5 13.Rad1 Ng5 14.Ne1 Rf6 15.d5 Rh6
16.f4 Ne4 17.Nf3 Qe7 18.Rfe1 Ndf6 19.h3 Qe8 20.Bd3 Qg6 21.Bxf6 gxf6 22.Bxe4 fxe4
23.Nd4 axb4 24.axb4 Rxh3 25.Nxe6 Qg3 26.Re2 f5 27.Qb2 Rh6 28.Rc1  1/2-1/2

[Event "12th Essent Open"]
[Site "Hoogeveen NED"]
[Date "2008.10.18"]
[Round "2"]
[White "Rademakers,E"]
[Black "De Jong,M"]
[Result "1-0"]
[WhiteElo "2151"]
[BlackElo "2349"]

1.d4 e6 2.c4 Bb4+ 3.Nd2 Nf6 4.Nf3 b6 5.g3 Bb7 6.Bg2 O-O 7.O-O a5 8.Qc2 Bxd2
9.Bxd2 Be4 10.Qc3 d6 11.Bg5 Nbd7 12.Nd2 Bxg2 13.Kxg2 Qb8 14.e4 Qb7 15.f3 c5
16.d5 Rfe8 17.a4 h6 18.Bf4 Ne5 19.Bxe5 dxe5 20.Rad1 Rad8 21.Nb1 Qd7 22.b3 exd5
23.cxd5 Nh7 24.h4 f5 25.Na3 Nf6 26.Rde1 Nh5 27.Nc4 f4 28.g4 Ng3 29.Nxe5 Qe7
30.Ng6 Qf7 31.h5 Nxf1 32.Rxf1 Rd6 33.Qd2 Rf6 34.e5 Rxg6 35.hxg6 Qxg6 36.Qxf4 Qc2+
37.Rf2 Qxb3 38.e6 Kh8 39.Qf7 Rg8 40.d6 c4 41.e7 Qxa4 42.Re2 Re8 43.Qf8+ Kh7
44.Qf5+ g6 45.Qf7+ Kh8 46.Qxg6 c3  1-0

[Event "24th ECC"]
[Site "Kallithea GRE"]
[Date "2008.10.18"]
[Round "2"]
[White "Volkov,Sergey1"]
[Black "Rachela,M"]
[Result "1-0"]
[WhiteElo "2632"]
[BlackElo "2358"]

1.d4 Nf6 2.Nf3 e6 3.c4 Bb4+ 4.Nbd2 b6 5.a3 Bxd2+ 6.Qxd2 a5 7.b3 Bb7 8.Bb2 O-O
9.e3 d6 10.Be2 Nbd7 11.O-O h6 12.Rad1 Be4 13.Ne1 c6 14.f3 Bh7 15.Nd3 Qb8
16.e4 Rd8 17.e5 Ne8 18.f4 c5 19.Bf3 Ra7 20.exd6 Qxd6 21.Ne5 Nb8 22.Qf2 Qe7
23.Bh5 f6 24.Bf7+ Kf8 25.Ng6+ Bxg6 26.Bxg6 cxd4 27.Bxd4 Rad7 28.Bc2 Kg8 29.Bxb6 Rxd1
30.Bxd1 Rc8 31.c5 Nc7 32.Bxa5 Nd5 33.b4 Nc6 34.Bb6 Ra8 35.b5 Nb8 36.a4  1-0

[Event "24th ECC"]
[Site "Kallithea GRE"]
[Date "2008.10.20"]
[Round "4"]
[White "Livner,A"]
[Black "Markovski,V"]
[Result "1-0"]
[WhiteElo "2315"]
[BlackElo "2060"]

1.d4 Nf6 2.c4 e6 3.Nf3 Bb4+ 4.Nbd2 O-O 5.a3 Bxd2+ 6.Qxd2 b6 7.e3 Bb7 8.Be2 d6
9.O-O Nbd7 10.b4 Ne4 11.Qd3 f5 12.Bb2 g5 13.Nd2 Ndf6 14.f3 Nxd2 15.Qxd2 Qe7
16.Bd3 Nh5 17.d5 e5 18.f4 e4 19.Be2 g4 20.Rac1 Rad8 21.g3 Nf6 22.Kg2 h5 23.Rh1 Rf7
24.Qd4 Rdf8 25.h3 Rh7 26.Rh2 Kf7 27.hxg4 fxg4 28.Rch1 Rfh8 29.Rh4 Bc8 30.Bd1 Bf5
31.Bb3 Bg6 32.Rc1 Nd7 33.Qd2 Rb8 34.Ba2 a5 35.c5 bxc5 36.bxc5 Nxc5 37.Rxc5 dxc5
38.d6+  1-0

[Event "24th ECC"]
[Site "Kallithea GRE"]
[Date "2008.10.21"]
[Round "5"]
[White "Dambacher,M"]
[Black "Stocek,J"]
[Result "0-1"]
[WhiteElo "2485"]
[BlackElo "2578"]

1.d4 Nf6 2.c4 e6 3.Nf3 Bb4+ 4.Nbd2 d5 5.e3 O-O 6.Bd3 Nbd7 7.a3 Be7 8.b4 a5
9.Rb1 b6 10.O-O c5 11.bxc5 bxc5 12.Qe2 Ba6 13.Bb2 cxd4 14.exd4 dxc4 15.Bxc4 Bxc4
16.Nxc4 Nd5 17.a4 N7b6 18.Nxb6 Qxb6 19.Ne5 Qb3 20.Qd1 Qxd1 21.Rfxd1 Rfc8
22.Rdc1 h5 23.Kf1 Bg5 24.Rc5 Bf4 25.Nc6 Ra6 26.Rxd5 Rcxc6 27.Rxh5 Rc4 28.g3 Bd2
29.Ke2 Bh6 30.Kd3 Rxa4 31.Rb5 Ra2 32.Rb3 Bg5 33.Ra3 Rxa3+ 34.Bxa3 Ra8 35.Kc4 Bf6
36.Rb7 g5 37.h3 Kg7 38.g4 a4 39.Bd6 a3 40.Rb1 a2 41.Ra1 Ra4+  0-1

[Event "24th ECC"]
[Site "Kallithea GRE"]
[Date "2008.10.22"]
[Round "6"]
[White "Anastasian,A"]
[Black "Rachela,M"]
[Result "1-0"]
[WhiteElo "2565"]
[BlackElo "2358"]

1.d4 Nf6 2.c4 e6 3.Nf3 Bb4+ 4.Nbd2 b6 5.g3 Bb7 6.Bg2 O-O 7.O-O Qc8 8.a3 Be7
9.Nb3 d6 10.Bg5 Nbd7 11.Rc1 h6 12.Bxf6 Nxf6 13.Qd3 Rd8 14.Nfd2 c5 15.d5 exd5
16.cxd5 Ba6 17.Nc4 Nd7 18.f4 Bf6 19.Nbd2 Bxb2 20.Rc2 Bd4+ 21.e3 Bf6 22.e4 Qb8
23.Kh1 b5 24.Na5 Qb6 25.Nc6 Re8 26.a4 b4 27.Nc4 Bxc4 28.Qxc4 a5 29.Qb3 Nb8
30.e5 Nxc6 31.dxc6 dxe5 32.fxe5 Rxe5 33.Qc4 Rc8 34.Rxf6 gxf6 35.Qg4+ Kh7
36.Qxc8 Re1+ 37.Bf1 Rxf1+ 38.Kg2 b3 39.Rb2 Re1 40.Qb7 Qd8 41.Qxf7+ Kh8 42.c7 Qa8+
43.Kf2 Rf1+ 44.Kxf1 Qh1+ 45.Kf2 Qxh2+ 46.Kf3 Qh1+ 47.Kf4 Qf1+ 48.Ke4 Qh1+
49.Kf4 Qf1+ 50.Kg4 Qd1+ 51.Kh3 Qh1+ 52.Rh2 Qf1+ 53.Kh4 Qf5 54.Qe8+  1-0

[Event "TCh-HUN 2008-9"]
[Site "Zalaegerszeg HUN"]
[Date "2008.10.26"]
[Round "1"]
[White "Rapport,R"]
[Black "Kiss,E"]
[Result "1-0"]
[WhiteElo "2323"]
[BlackElo "2139"]

1.d4 Nf6 2.c4 e6 3.Nf3 Bb4+ 4.Nbd2 Nc6 5.a3 Bxd2+ 6.Bxd2 d6 7.Bg5 h6 8.Bh4 O-O
9.e3 e5 10.Be2 Qe8 11.Bxf6 gxf6 12.b4 Bg4 13.O-O Kh8 14.Nh4 Bd7 15.d5 Ne7
16.Bd3 Ng6 17.Qf3 Kg7 18.Nf5+ Bxf5 19.Bxf5 Rg8 20.Qg4 Kf8 21.Qh3 Kg7 22.f4 Ne7
23.Bc2 Qc8 24.Qf3 f5 25.fxe5 dxe5 26.Qg3+ Kf8 27.Qxe5 Qd7 28.Bxf5 Nxf5 29.Rxf5 Re8
30.Qf4 Rg6 31.Rf1 Re7 32.e4 Kg7 33.e5 Qe8 34.c5 b6 35.c6  1-0

[Event "TCh-CHN Torch Real Estate Cup"]
[Site "Jiangsu Wuxi CHN"]
[Date "2008.10.29"]
[Round "11"]
[White "Ding Liren"]
[Black "Liang Chong"]
[Result "1/2-1/2"]
[WhiteElo "2395"]
[BlackElo "2484"]

1.d4 Nf6 2.Nf3 e6 3.c4 Bb4+ 4.Nbd2 b6 5.a3 Bxd2+ 6.Bxd2 Bb7 7.Bg5 d6 8.e3 Nbd7
9.Bd3 h6 10.Bh4 g5 11.Bg3 h5 12.h3 Ne4 13.Qa4 Qe7 14.Bxe4 Bxe4 15.O-O h4
16.Bh2 g4 17.Nd2 Bb7 18.c5 gxh3 19.c6 Qg5 20.g3 hxg3 21.fxg3 Qxe3+ 22.Rf2 Bc8
23.cxd7+ Bxd7 24.Qc4 Ke7 25.Nf1 Qe4 26.Nd2 Qe3 27.Nf1 Qe4 28.Nd2  1/2-1/2

[Event "ch-BRA s/f"]
[Site "Dois Irmaos BRA"]
[Date "2008.11.02"]
[Round "7"]
[White "Cavalcanti,F"]
[Black "Jatoba de Oliveira Reis,P"]
[Result "1/2-1/2"]
[WhiteElo "2271"]
[BlackElo "2332"]

1.d4 e6 2.c4 Nf6 3.Nf3 Bb4+ 4.Nbd2 b6 5.e3 Bb7 6.Be2 O-O 7.O-O d5 8.Qc2 Nbd7
9.a3 Bd6 10.b4 c5 11.cxd5 exd5 12.bxc5 bxc5 13.Rb1 Bc6 14.dxc5 Nxc5 15.Nd4 Ba4
16.Qa2 Nfe4 17.Qa1 Bd7 18.N2f3 Rc8 19.Bb2 Na4 20.Nb5 Bxb5 21.Bxb5 Nac3 22.Bxc3 Rxc3
23.a4 Qf6 24.Rbc1 Rfc8 25.Rxc3 Nxc3 26.Bd3 a5 27.Rc1 Bb4 28.Nd4 g6 29.Nb5 Rc5
30.Nxc3 Bxc3 31.Qa2 d4 32.exd4 Qxd4 33.Bb5 Rh5 34.Qc4  1/2-1/2

[Event "21st Belgrade Trophy"]
[Site "Obrenovac SRB"]
[Date "2008.11.05"]
[Round "9"]
[White "Irizanin,R"]
[Black "Knezevic,Ml"]
[Result "1-0"]
[WhiteElo "2339"]
[BlackElo "2167"]

1.d4 Nf6 2.Nf3 e6 3.c4 Bb4+ 4.Nbd2 O-O 5.a3 Bxd2+ 6.Qxd2 d6 7.g3 b6 8.Bg2 Bb7
9.O-O Nbd7 10.b3 Re8 11.Bb2 h6 12.Rad1 a5 13.Rfe1 Be4 14.Qc3 Qe7 15.Bh3 c5
16.Nd2 Bb7 17.e4 e5 18.d5 Nh7 19.f4 f6 20.Be6+ Kh8 21.f5 Ndf8 22.h4 Ra7 23.Re2 Rb8
24.a4 Bc8 25.Nf3 Bd7 26.Bc1 Be8 27.Rg2 Nxe6 28.dxe6 Bc6 29.Qe1 Nf8 30.g4 Nxe6
31.fxe6 Qxe6 32.h5 Rf7 33.Nh4 Rd8 34.Nf5 Kh7 35.Rgd2 Rfd7 36.Rd3 Bb7 37.Kf2 Bc6
38.Kf3 Kg8 39.R1d2 Kf8 40.Qd1 Kf7 41.Rxd6 Rxd6 42.Rxd6 Rxd6 43.Qxd6 Qxd6
44.Nxd6+ Ke6 45.Nc8 Kd7 46.Nxb6+  1-0

[Event "Russia Cup Final w"]
[Site "Serpuhov RUS"]
[Date "2008.11.05"]
[Round "1.1"]
[White "Chasovnikova,E"]
[Black "Borisova,E"]
[Result "0-1"]
[WhiteElo "2338"]
[BlackElo "2267"]

1.d4 Nf6 2.Nf3 e6 3.c4 Bb4+ 4.Nbd2 d6 5.Qc2 O-O 6.e4 e5 7.d5 a5 8.a3 Bc5
9.h3 a4 10.g4 c6 11.Bd3 Bd7 12.Nf1 cxd5 13.cxd5 b5 14.Ng3 Qb6 15.Bg5 Rc8
16.Qe2 Ne8 17.Nf5 Bxf5 18.gxf5 b4 19.O-O Nd7 20.Bb5 Nef6 21.axb4 Bxb4 22.Bxa4 Nc5
23.Bc2 Nfd7 24.Kh2 h6 25.Be3 Kh7 26.Rg1 Rxa1 27.Rxa1 Qb7 28.Rg1 Nf6 29.Nh4 Ba5
30.Bc1 Nb3 31.Bxb3 Qxb3 32.Qa6 Rxc1 33.Rxc1 Qxb2 34.Rf1 Bb6 35.Qd3 Bxf2 36.Ng2 Bc5
37.Kh1 Qb4 38.Re1 Qb2 39.Qf3 Qd4 40.Kh2 Bb4 41.Re2 Bc5 42.Re1 Kg8 43.Kh1 Nh7
44.Qg4 Qf2  0-1

[Event "Russia Cup Final w"]
[Site "Serpuhov RUS"]
[Date "2008.11.06"]
[Round "1.4"]
[White "Chasovnikova,E"]
[Black "Borisova,E"]
[Result "1-0"]
[WhiteElo "2338"]
[BlackElo "2267"]

1.d4 Nf6 2.Nf3 e6 3.c4 Bb4+ 4.Nbd2 d6 5.g3 Nc6 6.Bg2 a5 7.O-O e5 8.d5 Ne7
9.a3 Bc5 10.e4 O-O 11.Qe2 a4 12.Nb1 h6 13.Nc3 Ne8 14.Ne1 f5 15.Nd3 Bd4 16.Kh1 Nf6
17.f4 Bxc3 18.bxc3 fxe4 19.Nf2 Ng6 20.Nxe4 exf4 21.Bxf4 Ng4 22.Bd2 Bd7 23.c5 Qe7
24.c6 bxc6 25.dxc6 Be6 26.Rae1 Rxf1+ 27.Rxf1 Re8 28.Qb5 N4e5 29.Qxa4 d5 30.Nf2 Nc4
31.Bc1 Nge5 32.Bf4 Ng6 33.Nd3 Rf8  1-0

[Event "Russia Cup Final"]
[Site "Serpuhov RUS"]
[Date "2008.11.09"]
[Round "3.1"]
[White "Potkin,V"]
[Black "Iordachescu,V"]
[Result "0-1"]
[WhiteElo "2613"]
[BlackElo "2572"]

1.d4 Nf6 2.c4 e6 3.Nf3 Bb4+ 4.Nbd2 O-O 5.a3 Be7 6.e4 d5 7.e5 Nfd7 8.b4 a5
9.b5 c5 10.Bd3 cxd4 11.Qc2 h6 12.Bb2 Nc5 13.Bh7+ Kh8 14.Bxd4 b6 15.cxd5 exd5
16.O-O Nbd7 17.Bf5 Ne6 18.Bb2 Ndc5 19.Rfd1 Bb7 20.Nb3 Na4 21.Nbd4 Nxb2 22.Qxb2 Nxd4
23.Nxd4 Bc5 24.f4 g5 25.Rf1 Bc8 26.Bxc8 Rxc8 27.Rad1 gxf4 28.Kh1 Qg5 29.Nc6 d4
30.Rd3 Rce8 31.Qe2 f6 32.e6 Rg8 33.Rg1 f3 34.Qxf3 Rxe6 35.Rgd1 Rge8 36.g3 Re3
37.Qf4 Qxf4 38.gxf4 Rxd3 39.Rxd3 Re3 40.Rd1 d3 41.a4 Kg7 42.f5 Kf8 43.Kg2 Ke8
44.Kf1 Kd7 45.Re1 Rf3+ 46.Kg2 Rxf5 47.Rd1 Rf2+ 48.Kg3 d2  0-1

[Event "Russia Cup Final"]
[Site "Serpuhov RUS"]
[Date "2008.11.10"]
[Round "3.3"]
[White "Potkin,V"]
[Black "Iordachescu,V"]
[Result "1/2-1/2"]
[WhiteElo "2613"]
[BlackElo "2572"]

1.d4 Nf6 2.c4 e6 3.Nf3 Bb4+ 4.Nbd2 d5 5.a3 Be7 6.g3 O-O 7.Bg2 a5 8.b3 Nbd7
9.O-O c6 10.a4 Nb8 11.Bb2 Na6 12.Ne5 Nb4 13.e4 b6 14.Qe2 Ba6 15.Rfd1 Rc8
16.Rac1 Re8 17.Qe3 Na2 18.Ra1 Nb4 19.Rac1 Na2 20.Rb1 Nb4 21.Bc3 Bb7 22.Nd3 c5
23.Nxb4 axb4 24.Bb2 Bf8 25.e5 Nd7 26.Rbc1 Rc7 27.f4 Nb8 28.cxd5 exd5 29.h3 Nc6
30.Kh2 Nxd4 31.Bxd4 cxd4 32.Qxd4 Rc5 33.Nf1 Qc7 34.Qd2 Rc3 35.Ne3 d4 36.Nd5 Bxd5
37.Bxd5 Rd8 38.Bc4  1/2-1/2

[Event "TCh-AUT 2nd Bundesliga Ost 2008-9"]
[Site "Austria AUT"]
[Date "2008.11.23"]
[Round "5"]
[White "Weissenbeck,M"]
[Black "Franzen,Joz"]
[Result "1/2-1/2"]
[WhiteElo "2279"]
[BlackElo "2318"]

1.d4 Nf6 2.Nf3 e6 3.c4 Bb4+ 4.Nbd2 O-O 5.e3 d6 6.a3 Bxd2+ 7.Bxd2 Nc6 8.b4 Ne4
9.Bd3 f5 10.b5 Nb8 11.O-O Nd7 12.Qc2 Ndf6 13.a4 Bd7 14.Bb4 Be8 15.Nd2 Bg6
16.f3 Nxd2 17.Bxd2 Nh5  1/2-1/2